[Event "Benidorm 2003 - sub2300"]
[Site "Benidorm ESP"]
[Date "2003.11.24"]
[Round "4.26"]
[White "Cano Sanchez, Josue"]
[Black "Garcia Gonzalez, Fernando"]
[Result "1-0"]
[WhiteElo "2224"]
[BlackElo "2129"]
[PlyCount "87"]
[EventDate "2003.11.21"]
[EventType "swiss"]
[EventRounds "9"]
[EventCountry "ESP"]
[Source "lmi"]
[SourceDate "2003.11.21"]

1. d4 e6 2. Nf3 f5 3. d5 d6 4. dxe6 Bxe6 5. Nd4 Bd7 6. c4 Nc6 7. Nc3 Nf6 8. g3
Be7 9. Bg2 O-O 10. O-O Qe8 11. e3 Ne5 12. b3 Qg6 13. Bxb7 c6 14. f4 Neg4 15.
Nxc6 Rae8 16. Nxe7+ Rxe7 17. Nd5 Nxd5 18. Bxd5+ Kh8 19. Bd2 Rfe8 20. Bf3 Nxe3
21. Bxe3 Rxe3 22. Qd2 Qe6 23. Rad1 Rxf3 24. Rxf3 Bc6 25. Kf2 Qh6 26. h4 Bxf3
27. Kxf3 Qh5+ 28. Kf2 Qg4 29. Re1 Rxe1 30. Qxe1 h6 31. Qh1 Kh7 32. h5 g5 33.
Qb7+ Kg8 34. Qc8+ Kf7 35. Qd7+ Kg8 36. Qe8+ Kg7 37. Qg6+ Kf8 38. Qxh6+ Ke8 39.
Qg6+ Kd7 40. Qxg5 Qd1 41. Qxf5+ Kd8 42. Qd5 Qc2+ 43. Kf3 Qc3+ 44. Kg4 1-0

[Event "Benidorm 2003 - sub2300"]
[Site "Benidorm ESP"]
[Date "2003.11.24"]
[Round "4.27"]
[White "Martinez Torho, Jorge"]
[Black "Fernandez Otero, Jose"]
[Result "0-1"]
[WhiteElo "2218"]
[BlackElo "2104"]
[PlyCount "28"]
[EventDate "2003.11.21"]
[EventType "swiss"]
[EventRounds "9"]
[EventCountry "ESP"]
[Source "lmi"]
[SourceDate "2003.11.21"]

1. e4 e5 2. Nc3 Nc6 3. Bc4 Nf6 4. d3 Na5 5. Nf3 Nxc4 6. dxc4 d6 7. O-O Be7 8.
h3 O-O 9. Kh2 c6 10. b3 Qc7 11. Qe2 Bd7 12. Rd1 Ne8 13. Rg1 f6 14. Nd2 Rf7 0-1

[Event "Benidorm 2003 - sub2300"]
[Site "Benidorm ESP"]
[Date "2003.11.24"]
[Round "4.28"]
[White "Muelas Cerezuela, Jose"]
[Black "Celaya Tapiz, Jose Maria"]
[Result "0-1"]
[WhiteElo "2128"]
[BlackElo "2213"]
[PlyCount "66"]
[EventDate "2003.11.21"]
[EventType "swiss"]
[EventRounds "9"]
[EventCountry "ESP"]
[Source "lmi"]
[SourceDate "2003.11.21"]

1. Nf3 Nf6 2. c4 g6 3. Nc3 Bg7 4. g3 O-O 5. d4 d5 6. cxd5 Nxd5 7. Bg2 Nxc3 8.
bxc3 c5 9. O-O cxd4 10. cxd4 Nc6 11. Be3 Be6 12. Rb1 Na5 13. Qa4 Bd5 14. Bf4 b6
15. Rbc1 h6 16. Be5 Rc8 17. Bh3 e6 18. Bxg7 Kxg7 19. Nd2 Qd6 20. Qb5 Bc6 21.
Qd3 Rfd8 22. e3 Qd5 23. f3 Bb5 24. Qb1 Bxf1 25. Bxf1 Rxc1 26. Qxc1 Qc6 27. Qb2
Rc8 28. Ne4 Qc1 29. Qb4 Qxe3+ 30. Kg2 Rc2+ 31. Kh3 Qxf3 32. Nd2 Qh5+ 33. Kg2
Qg5 0-1

[Event "Benidorm 2003 - sub2300"]
[Site "Benidorm ESP"]
[Date "2003.11.24"]
[Round "4.29"]
[White "Reig Pinol, Armand"]
[Black "Fernandez De Pablo, Miguel"]
[Result "1/2-1/2"]
[WhiteElo "2124"]
[BlackElo "2209"]
[PlyCount "126"]
[EventDate "2003.11.21"]
[EventType "swiss"]
[EventRounds "9"]
[EventCountry "ESP"]
[Source "lmi"]
[SourceDate "2003.11.21"]

1. d4 Nf6 2. Nf3 g6 3. Nc3 d5 4. Bf4 Bg7 5. e3 O-O 6. Be2 c5 7. Ne5 Nc6 8. Qd2
Nd7 9. Nxd5 Ndxe5 10. dxe5 Nxe5 11. O-O-O e6 12. Nc3 Qa5 13. Kb1 Nc6 14. Nb5 a6
15. Qxa5 Nxa5 16. Nc7 Ra7 17. Bd6 b5 18. Bxf8 Bxf8 19. Ne8 e5 20. Nf6+ Kg7 21.
Ng4 e4 22. h4 h5 23. Nh2 Be7 24. Nf1 Be6 25. Nd2 f5 26. f3 exf3 27. Bxf3 c4 28.
e4 c3 29. Nb3 fxe4 30. Nxa5 exf3 31. Nc6 Rc7 32. Nxe7 fxg2 33. Rhg1 Rxe7 34.
Rxg2 Bg4 35. Rdg1 cxb2 36. Kxb2 Re4 37. Rf2 Be6 38. Rh1 Rb4+ 39. Ka1 Rc4 40.
Re2 Bg4 41. Rd2 a5 42. Rhh2 a4 43. a3 b4 44. Kb2 bxa3+ 45. Kxa3 Bf5 46. Kb2 Kf6
47. c3 a3+ 48. Kb3 Be6 49. Kxa3 Rxc3+ 50. Kb2 Rc4 51. Rdf2+ Bf5 52. Kb3 Rc1 53.
Rf4 Ke5 54. Rhf2 Rc5 55. Kb4 Rc8 56. Rc4 Rd8 57. Re2+ Kf6 58. Rc6+ Kg7 59. Rc7+
Kf6 60. Rc6+ Kg7 61. Rc7+ Kh6 62. Kc5 Rd1 63. Ree7 Rc1+ 1/2-1/2

[Event "Benidorm 2003 - sub2300"]
[Site "Benidorm ESP"]
[Date "2003.11.24"]
[Round "4.31"]
[White "Picazo Lopez, Juan Antonio"]
[Black "Perez Lopez, Jesus Maria"]
[Result "0-1"]
[WhiteElo "2113"]
[BlackElo "2205"]
[PlyCount "64"]
[EventDate "2003.11.21"]
[EventType "swiss"]
[EventRounds "9"]
[EventCountry "ESP"]
[Source "lmi"]
[SourceDate "2003.11.21"]

1. d4 d5 2. c4 c6 3. Nc3 Nf6 4. Bg5 dxc4 5. e3 Nd5 6. Qc2 Qa5 7. Nf3 Nxc3 8.
bxc3 Bf5 9. Qb2 b5 10. Nd2 Nd7 11. e4 Bg6 12. f4 Nb6 13. f5 Bh5 14. Qc2 Na4 15.
Rc1 e6 16. Nb1 f6 17. Bf4 exf5 18. exf5 Be7 19. g4 Bf7 20. Bg2 Rc8 21. O-O O-O
22. Rfe1 Rfe8 23. Re3 Bf8 24. Rg3 Qd8 25. Nd2 c5 26. Nf3 cxd4 27. cxd4 Nb6 28.
Rf1 Nd5 29. Bc1 Ne3 30. Bxe3 Rxe3 31. g5 fxg5 32. Rxg5 Rxf3 0-1

[Event "Benidorm 2003 - sub2300"]
[Site "Benidorm ESP"]
[Date "2003.11.24"]
[Round "4.33"]
[White "Vinas Guerrero, Carlos A"]
[Black "Serra Olives, Tomas"]
[Result "1-0"]
[WhiteElo "2098"]
[BlackElo "2200"]
[PlyCount "45"]
[EventDate "2003.11.21"]
[EventType "swiss"]
[EventRounds "9"]
[EventCountry "ESP"]
[Source "lmi"]
[SourceDate "2003.11.21"]

1. e4 c5 2. Nc3 Nc6 3. f4 d6 4. Nf3 g6 5. Bc4 Bg7 6. O-O e6 7. d3 Nge7 8. Qe1
O-O 9. f5 exf5 10. Qh4 a6 11. Bh6 b5 12. Ng5 Bd4+ 13. Kh1 bxc4 14. Bxf8 Kxf8
15. Qxh7 Bg7 16. g4 Nd4 17. gxf5 gxf5 18. Rg1 Ng8 19. Qh5 Nh6 20. Nh7+ Kg8 21.
Qxh6 Ne6 22. Rxg7+ Nxg7 23. Rg1 1-0

[Event "Benidorm 2003 - sub2300"]
[Site "Benidorm ESP"]
[Date "2003.11.24"]
[Round "4.34"]
[White "Planas, Juan"]
[Black "Plaza Pardo, Daniel"]
[Result "1/2-1/2"]
[WhiteElo "2199"]
[BlackElo "2091"]
[PlyCount "46"]
[EventDate "2003.11.21"]
[EventType "swiss"]
[EventRounds "9"]
[EventCountry "ESP"]
[Source "lmi"]
[SourceDate "2003.11.21"]

1. d4 Nf6 2. c4 g6 3. Nc3 Bg7 4. e4 d6 5. Nf3 O-O 6. Be2 Nbd7 7. O-O e5 8. Be3
c6 9. Qc2 Qe7 10. Rad1 h6 11. h3 exd4 12. Nxd4 Nc5 13. Bf3 Re8 14. Rfe1 Nfd7
15. b4 Ne6 16. Nxe6 Qxe6 17. Be2 Ne5 18. Qb3 g5 19. Rd2 b5 20. cxb5 Qxb3 21.
axb3 Nf3+ 22. Bxf3 Bxc3 23. bxc6 Rb8 1/2-1/2

[Event "Benidorm 2003 - sub2300"]
[Site "Benidorm ESP"]
[Date "2003.11.24"]
[Round "4.35"]
[White "Ruiz Marana, Alejandro"]
[Black "Burriel Rosello, Carlos"]
[Result "0-1"]
[WhiteElo "2089"]
[BlackElo "2197"]
[PlyCount "138"]
[EventDate "2003.11.21"]
[EventType "swiss"]
[EventRounds "9"]
[EventCountry "ESP"]
[Source "lmi"]
[SourceDate "2003.11.21"]

1. e4 c5 2. Nc3 d6 3. g3 Nc6 4. Bg2 g6 5. d3 Bg7 6. Be3 Rb8 7. Qd2 b5 8. f4 Qa5
9. Nf3 Bg4 10. e5 dxe5 11. O-O Bxf3 12. Bxf3 Nd4 13. Bg2 Rd8 14. fxe5 Bxe5 15.
Rae1 Ne6 16. Bc6+ Kf8 17. Qf2 f6 18. Bh6+ Nxh6 19. Rxe5 Ng4 20. Qe2 Nxe5 21.
Qxe5 Qc7 22. Rxf6+ exf6 23. Qxf6+ Qf7 24. Qxh8+ Ke7 25. Qe5 Qf5 26. Qxf5 gxf5
27. Bxb5 Rb8 28. b3 Nd4 29. Bc4 Nxc2 30. Kf2 Nd4 31. Ke3 Kf6 32. Kf4 Ne6+ 33.
Ke3 Ke5 34. Na4 Rc8 35. Nb2 f4+ 36. gxf4+ Nxf4 37. Ba6 Nd5+ 38. Kf2 Rf8+ 39.
Kg3 Nb4 40. Bb7 Nxa2 41. Be4 h6 42. Nc4+ Kd4 43. Na5 Nb4 44. Nb7 Rg8+ 45. Kf3
Rg5 46. h4 Rg1 47. Nd6 Rf1+ 48. Ke2 Rb1 49. Nb5+ Ke5 50. Nxa7 Rxb3 51. Bg6 Kf4
52. Kd2 Nd5 53. Kc2 Rb7 54. Nc6 Rb6 55. Be4 Nb4+ 56. Nxb4 Rxb4 57. Bg6 Ke3 58.
h5 Kd4 59. Bf5 Ra4 60. Kb2 Ra6 61. Bg6 Rf6 62. Kc1 Rf2 63. Kd1 Ke3 64. Kc1 Rd2
65. Bh7 Rxd3 66. Kc2 Rd5 67. Bg6 Kf4 68. Kc3 Kg4 69. Kc4 Rxh5 0-1

[Event "Benidorm 2003 - sub2300"]
[Site "Benidorm ESP"]
[Date "2003.11.24"]
[Round "4.36"]
[White "Serrano Marhuenda, Salvador"]
[Black "Yanez Acin, Gonzalo"]
[Result "1/2-1/2"]
[WhiteElo "2197"]
[BlackElo "2014"]
[PlyCount "62"]
[EventDate "2003.11.21"]
[EventType "swiss"]
[EventRounds "9"]
[EventCountry "ESP"]
[Source "lmi"]
[SourceDate "2003.11.21"]

1. e4 e5 2. Nf3 Nc6 3. Bb5 Nd4 4. Nxd4 exd4 5. O-O c6 6. Bc4 d6 7. c3 Nf6 8.
cxd4 Nxe4 9. Re1 d5 10. d3 Bb4 11. Nc3 O-O 12. dxe4 dxc4 13. e5 Be6 14. Be3 Qd7
15. Qf3 f5 16. Qg3 Qf7 17. Bf4 Rad8 18. Red1 Kh8 19. h4 h6 20. a3 Be7 21. Qh2
Qh5 22. Bg3 Rd7 23. f3 Rfd8 24. Bf2 g5 25. hxg5 Qxh2+ 26. Kxh2 hxg5 27. Kg1 Kg7
28. Kf1 Rh8 29. Ke2 b5 30. Rh1 Rxh1 31. Rxh1 a5 1/2-1/2

[Event "Benidorm 2003 - sub2300"]
[Site "Benidorm ESP"]
[Date "2003.11.24"]
[Round "4.37"]
[White "Delgado Pico, Lluis"]
[Black "Villa Izquierdo, Roberto"]
[Result "1/2-1/2"]
[WhiteElo "2052"]
[BlackElo "2183"]
[PlyCount "67"]
[EventDate "2003.11.21"]
[EventType "swiss"]
[EventRounds "9"]
[EventCountry "ESP"]
[Source "lmi"]
[SourceDate "2003.11.21"]

1. d4 d5 2. Nf3 e6 3. Bf4 Be7 4. e3 f5 5. h3 Nf6 6. Bd3 O-O 7. Nbd2 Nbd7 8. Qe2
Ne4 9. Ne5 c5 10. c3 c4 11. Bxe4 fxe4 12. b3 Qa5 13. bxc4 Qxc3 14. O-O Bf6 15.
Rfc1 Qa3 16. cxd5 exd5 17. Qb5 Nb6 18. Rc2 Bxe5 19. Bxe5 Bd7 20. Qb3 Qxb3 21.
axb3 Bc6 22. f3 a6 23. Bc7 Nd7 24. fxe4 dxe4 25. Nc4 Nf6 26. Nb6 Rae8 27. Be5
Nd5 28. Nxd5 Bxd5 29. Rc7 Rf7 30. Rxf7 Kxf7 31. b4 Rc8 32. Ra5 Bc6 33. Rc5 Rd8
34. Kf2 1/2-1/2

[Event "Benidorm 2003 - sub2300"]
[Site "Benidorm ESP"]
[Date "2003.11.24"]
[Round "4.40"]
[White "Buenafe Moya, Javier"]
[Black "Alvarez Escudero, Manuel"]
[Result "1-0"]
[WhiteElo "2298"]
[BlackElo "2136"]
[PlyCount "79"]
[EventDate "2003.11.21"]
[EventType "swiss"]
[EventRounds "9"]
[EventCountry "ESP"]
[Source "lmi"]
[SourceDate "2003.11.21"]

1. e4 e5 2. Nf3 Nc6 3. Bc4 d6 4. Nc3 Bg4 5. h3 Bh5 6. Nxe5 Nxe5 7. Qxh5 Nf6 8.
Qe2 Nxc4 9. Qxc4 Be7 10. O-O O-O 11. d4 Nd7 12. Bf4 c6 13. Nd1 d5 14. exd5 Nb6
15. Qd3 Nxd5 16. Bd2 Bg5 17. c4 Nf4 18. Bxf4 Bxf4 19. Ne3 Re8 20. Rad1 Qa5 21.
a3 Rad8 22. b4 Qg5 23. Rfe1 g6 24. Nf1 Rxe1 25. Rxe1 Qf6 26. Rd1 Be5 27. d5
cxd5 28. cxd5 Bd6 29. Ne3 h5 30. Nc4 Bb8 31. a4 b6 32. Qd4 Qe7 33. d6 Qd7 34.
a5 Qb5 35. Qf6 Re8 36. g3 Qxb4 37. d7 Re1+ 38. Rxe1 Qxe1+ 39. Kh2 Bc7 40. Ne5
1-0

[Event "Benidorm 2003 - sub2300"]
[Site "Benidorm ESP"]
[Date "2003.11.24"]
[Round "4.41"]
[White "Gimeno Martos, Roberto"]
[Black "Acebal Muniz, Antonio"]
[Result "1-0"]
[WhiteElo "2131"]
[BlackElo "2230"]
[PlyCount "95"]
[EventDate "2003.11.21"]
[EventType "swiss"]
[EventRounds "9"]
[EventCountry "ESP"]
[Source "lmi"]
[SourceDate "2003.11.21"]

1. Nf3 d5 2. d3 Nf6 3. Nbd2 c5 4. e4 Nc6 5. g3 e5 6. Bg2 Be7 7. O-O O-O 8. Re1
dxe4 9. dxe4 Be6 10. c3 Qc7 11. Qc2 Rfd8 12. Ng5 Bg4 13. h3 Bd7 14. Nf1 h6 15.
Nf3 Be6 16. Ne3 Rac8 17. Nh4 Bf8 18. b3 b5 19. Bb2 Qa5 20. Qe2 a6 21. f4 c4 22.
f5 Bd7 23. Nd5 Nxd5 24. exd5 Qb6+ 25. Kh1 Na5 26. b4 Nb7 27. g4 Re8 28. Bc1 Qf6
29. Nf3 e4 30. Nd4 Bxb4 31. cxb4 Qxd4 32. Bf4 c3 33. a3 c2 34. Rac1 Qc3 35. Qe3
Qb2 36. Qb6 Nd8 37. Rxe4 Rxe4 38. Bxe4 Qxa3 39. Qe3 Qxb4 40. Bxc2 Rc3 41. Qd2
Rxh3+ 42. Kg2 Qa3 43. Qf2 Rc3 44. Re1 Qb4 45. Be4 Rc4 46. Qe2 Nb7 47. Bd2 Rxe4
48. Bxb4 1-0

[Event "Benidorm 2003 - sub2300"]
[Site "Benidorm ESP"]
[Date "2003.11.24"]
[Round "4.43"]
[White "Cordon Gutierrez, Juan Pedro"]
[Black "Debitsch, Rasmus"]
[Result "1-0"]
[WhiteElo "2209"]
[BlackElo "2124"]
[PlyCount "57"]
[EventDate "2003.11.21"]
[EventType "swiss"]
[EventRounds "9"]
[EventCountry "ESP"]
[Source "lmi"]
[SourceDate "2003.11.21"]

1. d4 d5 2. c4 e6 3. g3 Nf6 4. Bg2 Be7 5. Nf3 O-O 6. O-O dxc4 7. Qc2 a6 8. Qxc4
b5 9. Qc2 Bb7 10. Bf4 Nc6 11. Rd1 Nb4 12. Qc1 Nbd5 13. Nbd2 Nxf4 14. gxf4 Nd5
15. Nb3 f5 16. Nc5 Bxc5 17. dxc5 c6 18. a4 Qc7 19. e3 Rad8 20. axb5 axb5 21. h4
Ra8 22. Rxa8 Rxa8 23. Qd2 Ra4 24. Ne5 Qe7 25. Bxd5 exd5 26. b3 Ra8 27. Qc2 g6
28. h5 Qh4 29. Kg2 1-0

[Event "Benidorm 2003 - sub2300"]
[Site "Benidorm ESP"]
[Date "2003.11.24"]
[Round "4.46"]
[White "Sanchez Romero, Miguel A"]
[Black "Vazquez Gonzalez, Francisco"]
[Result "1/2-1/2"]
[WhiteElo "2199"]
[BlackElo "2123"]
[PlyCount "103"]
[EventDate "2003.11.21"]
[EventType "swiss"]
[EventRounds "9"]
[EventCountry "ESP"]
[Source "lmi"]
[SourceDate "2003.11.21"]

1. d4 f5 2. Bg5 Nf6 3. Bxf6 exf6 4. e3 d5 5. Ne2 Bd6 6. g3 c6 7. Nd2 Be6 8. Bg2
Qe7 9. Rc1 Nd7 10. c4 dxc4 11. O-O Nb6 12. Nf4 Bf7 13. Re1 O-O 14. Qc2 g6 15.
Bf1 Bb4 16. Red1 g5 17. Ng2 Bxd2 18. Qxd2 Rfd8 19. Qc2 Qe4 20. Ne1 Bd5 21. Qxe4
fxe4 22. Rd2 Rf8 23. Nc2 c3 24. bxc3 Bxa2 25. Na3 Bf7 26. c4 Rfe8 27. Rb2 Re7
28. c5 Nc8 29. Nc4 Bxc4 30. Bxc4+ Kg7 31. d5 cxd5 32. Bxd5 Rb8 33. g4 b5 34.
Ra1 Re5 35. Rd2 h5 36. h3 hxg4 37. hxg4 Kg6 38. Rd4 f5 39. Ra6+ Kg7 40. gxf5
Rxf5 41. c6 Rb6 42. Ra1 b4 43. Be6 Rf8 44. Bxc8 Rxc8 45. Rxa7+ Kf6 46. Rb7
Rcxc6 47. Rxb4 Rxb4 48. Rxb4 Re6 49. Rb5 Re8 50. Kg2 Rh8 51. Kg3 Rh1 52. Ra5
1/2-1/2

[Event "Benidorm 2003 - sub2300"]
[Site "Benidorm ESP"]
[Date "2003.11.24"]
[Round "4.47"]
[White "Morales Camacho, Julian"]
[Black "Torres Samper, Rafael"]
[Result "0-1"]
[WhiteElo "2183"]
[BlackElo "2119"]
[PlyCount "64"]
[EventDate "2003.11.21"]
[EventType "swiss"]
[EventRounds "9"]
[EventCountry "ESP"]
[Source "lmi"]
[SourceDate "2003.11.21"]

1. Nf3 Nf6 2. c4 g6 3. Nc3 Bg7 4. d4 O-O 5. Bf4 d6 6. h3 c5 7. d5 Nh5 8. Bd2
Nd7 9. e4 a6 10. a4 Ne5 11. Be2 Bd7 12. Nxe5 Bxe5 13. Bxh5 gxh5 14. Bh6 Re8 15.
Qxh5 Kh8 16. Be3 Rg8 17. g4 Qa5 18. O-O Raf8 19. f4 Bxc3 20. bxc3 Qxc3 21. Kf2
Qc2+ 22. Kf3 f5 23. exf5 Bxf5 24. Rae1 Be4+ 25. Kg3 Qxc4 26. Bc1 Qd3+ 27. Kh4
Bg2 28. Bb2+ Rf6 29. Rh1 Qf3 30. Bxf6+ exf6 31. Qf7 Qf2+ 32. Kh5 Qxf4 0-1

[Event "Benidorm 2003 - sub2300"]
[Site "Benidorm ESP"]
[Date "2003.11.24"]
[Round "4.49"]
[White "Strekalovski, Viktor"]
[Black "Correas Gonzalez, Jose Ramon"]
[Result "0-1"]
[WhiteElo "2177"]
[BlackElo "2107"]
[PlyCount "86"]
[EventDate "2003.11.21"]
[EventType "swiss"]
[EventRounds "9"]
[EventCountry "ESP"]
[Source "lmi"]
[SourceDate "2003.11.21"]

1. e4 c5 2. Nf3 d6 3. d4 cxd4 4. Nxd4 Nf6 5. Nc3 a6 6. Bg5 e6 7. Qf3 Be7 8. h4
Qc7 9. Qg3 Nc6 10. Be3 Bd7 11. O-O-O Nxd4 12. Bxd4 e5 13. Be3 Be6 14. f3 Rc8
15. Qf2 b5 16. Kb1 O-O 17. g4 b4 18. Nd5 Bxd5 19. exd5 Qb7 20. Qd2 a5 21. g5
Nh5 22. Bh3 Rb8 23. Bg4 g6 24. Bxh5 gxh5 25. f4 exf4 26. Bxf4 Rfc8 27. Rhf1 a4
28. Be3 b3 29. cxb3 axb3 30. axb3 Qxb3 31. Rc1 Rxc1+ 32. Rxc1 Ra8 33. Rc3 Qa2+
34. Kc1 Qa1+ 35. Kc2 Qa4+ 36. Kd3 Qxh4 37. Rc4 Qh1 38. Kc2 Ra1 39. Rc8+ Bf8 40.
Qd4 Qb1+ 41. Kc3 Qe1+ 42. Bd2 Qg3+ 43. Kc2 Qh3 0-1

[Event "Benidorm 2003 - sub2300"]
[Site "Benidorm ESP"]
[Date "2003.11.24"]
[Round "4.52"]
[White "Sanz Montarelo, Teodoro"]
[Black "Dura Olmos, Gines Raul"]
[Result "0-1"]
[WhiteElo "2160"]
[BlackElo "2056"]
[PlyCount "52"]
[EventDate "2003.11.21"]
[EventType "swiss"]
[EventRounds "9"]
[EventCountry "ESP"]
[Source "lmi"]
[SourceDate "2003.11.21"]

1. e4 e5 2. Nf3 Nc6 3. c3 d5 4. Bb5 dxe4 5. Nxe5 Qd5 6. Qa4 Nge7 7. f4 Bd7 8.
Nxd7 Kxd7 9. O-O a6 10. Be2 f5 11. d3 exd3 12. Bxd3 Rd8 13. b4 b5 14. Qc2 Kc8
15. Rd1 g6 16. a4 Bg7 17. Ra3 Rhe8 18. axb5 axb5 19. Be2 Qe4 20. Ra8+ Nb8 21.
Bxb5 Qxa8 22. Bxe8 Rxe8 23. Re1 Qc6 24. Bd2 Nd5 25. Rd1 Re2 26. b5 Qc5+ 0-1

[Event "Benidorm 2003 - sub2300"]
[Site "Benidorm ESP"]
[Date "2003.11.24"]
[Round "4.54"]
[White "Khazankin, Moisei"]
[Black "Ibanez Terradellas, Eduardo"]
[Result "0-1"]
[WhiteElo "2040"]
[BlackElo "2257"]
[PlyCount "52"]
[EventDate "2003.11.21"]
[EventType "swiss"]
[EventRounds "9"]
[EventCountry "ESP"]
[Source "lmi"]
[SourceDate "2003.11.21"]

1. b3 e5 2. Bb2 d6 3. g3 f5 4. e3 Nf6 5. Bg2 g6 6. Ne2 Bg7 7. c4 c6 8. O-O O-O
9. d4 e4 10. Nbc3 a6 11. d5 c5 12. Nf4 Qe8 13. h4 h6 14. Qe2 g5 15. hxg5 hxg5
16. Nh3 g4 17. Nf4 Nbd7 18. Na4 Rb8 19. Ne6 b5 20. cxb5 axb5 21. Nc7 Qh5 22.
Nxb5 Ba6 23. Nac3 Ne5 24. Rfd1 Nf3+ 25. Bxf3 gxf3 26. Qf1 Ng4 0-1

[Event "Benidorm 2003 - sub2300"]
[Site "Benidorm ESP"]
[Date "2003.11.24"]
[Round "4.57"]
[White "Pellicer Coloma, Pedro"]
[Black "Vuilleumier, Alex"]
[Result "0-1"]
[WhiteElo "2103"]
[BlackElo "2216"]
[PlyCount "70"]
[EventDate "2003.11.21"]
[EventType "swiss"]
[EventRounds "9"]
[EventCountry "ESP"]
[Source "lmi"]
[SourceDate "2003.11.21"]

1. d4 Nf6 2. Nf3 c5 3. e3 d5 4. c3 e6 5. Bd3 Bd6 6. Nbd2 O-O 7. Qe2 cxd4 8.
exd4 b6 9. Ne5 a5 10. Ndf3 Ba6 11. Bxa6 Rxa6 12. Bg5 Ra7 13. Ng4 Be7 14. Bxf6
Bxf6 15. Nfe5 Bxe5 16. Nxe5 Rc7 17. Qb5 Qd6 18. O-O f6 19. Ng4 Qc6 20. Qb3 b5
21. f4 a4 22. Qc2 b4 23. Rf3 a3 24. Rc1 Qb6 25. Rh3 f5 26. Nf2 Rfc8 27. Qe2
bxc3 28. bxc3 Nd7 29. Re3 Rc6 30. Nd3 Rxc3 31. Rxc3 Rxc3 32. Nc5 Rc1+ 33. Kf2
Nxc5 34. dxc5 Qxc5 35. Kg3 Rc3 0-1

[Event "Benidorm 2003 - sub2300"]
[Site "Benidorm ESP"]
[Date "2003.11.24"]
[Round "4.62"]
[White "Monserrat Castells, Julio"]
[Black "Fabre Massana, Miquel"]
[Result "0-1"]
[WhiteElo "2055"]
[BlackElo "2159"]
[PlyCount "86"]
[EventDate "2003.11.21"]
[EventType "swiss"]
[EventRounds "9"]
[EventCountry "ESP"]
[Source "lmi"]
[SourceDate "2003.11.21"]

1. d4 d5 2. Bg5 c5 3. c3 Qb6 4. Qc2 cxd4 5. cxd4 Nc6 6. e3 Bf5 7. Qd2 f6 8. Bh4
Bxb1 9. Rxb1 e5 10. Ne2 Bb4 11. Nc3 exd4 12. exd4 Qxd4 13. Qxd4 Nxd4 14. Bd3
Ne7 15. f3 Rc8 16. O-O Kf7 17. Bf2 Ndc6 18. Rfd1 Rhd8 19. Ne2 a6 20. Bb6 Re8
21. Bc2 Ne5 22. Ba4 Rf8 23. Nf4 Nc4 24. Bf2 b5 25. Bb3 Rfd8 26. a3 Bc5 27. Rd3
Bxf2+ 28. Kxf2 g5 29. Ne2 Nc6 30. Nc3 d4 31. Ne2 Kf8 32. Ba2 N4e5 33. Rd2 d3
34. Ng3 Nd4 35. Ne4 Ke7 36. Nc3 Rc5 37. Re1 Nc2 38. Re4 f5 39. Re1 Nxe1 40.
Kxe1 Nc4 41. Rf2 d2+ 42. Kd1 Ne3+ 43. Ke2 Rxc3 0-1

[Event "Benidorm 2003 - sub2300"]
[Site "Benidorm ESP"]
[Date "2003.11.24"]
[Round "4.64"]
[White "Pizarro Segura, Eduardo"]
[Black "Costa Costa, Enrique"]
[Result "1-0"]
[WhiteElo "2147"]
[BlackElo "2035"]
[PlyCount "113"]
[EventDate "2003.11.21"]
[EventType "swiss"]
[EventRounds "9"]
[EventCountry "ESP"]
[Source "lmi"]
[SourceDate "2003.11.21"]

1. d4 g6 2. Nf3 Bg7 3. g3 d6 4. Bg2 Nf6 5. O-O O-O 6. a4 Nbd7 7. Na3 e5 8. dxe5
Nxe5 9. Nd4 Re8 10. c3 Rb8 11. h3 Bd7 12. Be3 a6 13. b4 Qc8 14. g4 Nc6 15. b5
axb5 16. Naxb5 h5 17. Nxc6 bxc6 18. Na7 Qa6 19. Qd3 Qxd3 20. exd3 hxg4 21. Nxc6
gxh3 22. Bf3 Bxc6 23. Bxc6 Re5 24. a5 Nd5 25. a6 Nxe3 26. a7 Rd8 27. a8=Q Rg5+
28. Kh1 Rxa8 29. Rxa8+ Kh7 30. fxe3 Rc5 31. Bf3 Rxc3 32. Be2 f5 33. Rf3 Rc1+
34. Bf1 g5 35. Rxh3+ Kg6 36. Kg1 g4 37. Rh2 Bh6 38. Re2 Rc3 39. Re1 d5 40. Raa1
d4 41. exd4 Bf4 42. Ra8 Bg3 43. Re3 Bf4 44. Re6+ Kf7 45. Re2 Bd6 46. Ra5 f4 47.
Rg5 f3 48. Re3 f2+ 49. Kg2 g3 50. Rgxg3 Bxg3 51. Rxg3 Ke6 52. Kxf2 Kd5 53. Ke3
Rc1 54. Rg5+ Kd6 55. Bg2 Re1+ 56. Kf4 Re2 57. Rd5+ 1-0

[Event "Benidorm 2003 - sub2300"]
[Site "Benidorm ESP"]
[Date "2003.11.24"]
[Round "4.65"]
[White "Gomez Benitez, David"]
[Black "Alonso Contreras, Mario El"]
[Result "1/2-1/2"]
[WhiteElo "2139"]
[BlackElo "2031"]
[PlyCount "88"]
[EventDate "2003.11.21"]
[EventType "swiss"]
[EventRounds "9"]
[EventCountry "ESP"]
[Source "lmi"]
[SourceDate "2003.11.21"]

1. e4 c5 2. Nc3 e6 3. f4 a6 4. Nf3 Nc6 5. d4 cxd4 6. Nxd4 d6 7. Be3 Nf6 8. Be2
Be7 9. O-O O-O 10. Kh1 Qc7 11. Bf3 Bd7 12. Nb3 Rab8 13. a4 b6 14. Qe2 Na5 15.
Rae1 e5 16. f5 Qc4 17. g4 Qxe2 18. Bxe2 Bc6 19. Nd2 d5 20. g5 Nxe4 21. Ndxe4
dxe4 22. Rd1 Bc5 23. Bxc5 bxc5 24. Rb1 Rfd8 25. Rfd1 Rd4 26. Kg1 e3 27. b3 Rd2
28. Rxd2 exd2 29. Kf2 c4 30. b4 Nb7 31. b5 axb5 32. axb5 Bd7 33. Nd5 Nd6 34.
Nc3 Bxf5 35. Rd1 Nxb5 36. Nxb5 Rxb5 37. Rxd2 h6 38. gxh6 gxh6 39. Bxc4 Rb2 40.
Bb3 Kg7 41. Ke3 Kf6 42. Rf2 Kg5 43. Kd2 Rb1 44. Bxf7 Rb4 1/2-1/2

[Event "Benidorm 2003 - sub2300"]
[Site "Benidorm ESP"]
[Date "2003.11.24"]
[Round "4.66"]
[White "Massa, Giovanni"]
[Black "Hernandez Garcia, Maximo"]
[Result "1-0"]
[WhiteElo "2136"]
[BlackElo "2015"]
[PlyCount "69"]
[EventDate "2003.11.21"]
[EventType "swiss"]
[EventRounds "9"]
[EventCountry "ESP"]
[Source "lmi"]
[SourceDate "2003.11.21"]

1. e4 e5 2. Nf3 Nc6 3. Bb5 a6 4. Ba4 Nf6 5. O-O Be7 6. Re1 b5 7. Bb3 O-O 8. a4
b4 9. d3 d6 10. h3 Na5 11. Ba2 c5 12. Nbd2 Be6 13. Bxe6 fxe6 14. Nf1 Nc6 15. c3
bxc3 16. bxc3 Rb8 17. Qc2 Nh5 18. Be3 Nf4 19. N1d2 Qe8 20. Bxf4 Rxf4 21. Qa2
Qg6 22. Rab1 Rbf8 23. Kh2 R4f7 24. Rb6 Nb8 25. Reb1 Nd7 26. Rxa6 Qh6 27. Ra7
Bh4 28. Rbb7 Bxf2 29. Rxd7 Rxd7 30. Rxd7 Rxf3 31. Nf1 Qf4+ 32. Kh1 Rxh3+ 33.
gxh3 Qf3+ 34. Kh2 Qf4+ 35. Kg2 1-0

[Event "Benidorm 2003 - sub2300"]
[Site "Benidorm ESP"]
[Date "2003.11.24"]
[Round "4.67"]
[White "Fernandez Garcia, Ignacio"]
[Black "Martin Blanco, Fernando"]
[Result "0-1"]
[WhiteElo "2006"]
[BlackElo "2128"]
[PlyCount "57"]
[EventDate "2003.11.21"]
[EventType "swiss"]
[EventRounds "9"]
[EventCountry "ESP"]
[Source "lmi"]
[SourceDate "2003.11.21"]

1. e4 e6 2. d4 d5 3. Nd2 c5 4. e5 Nc6 5. Ngf3 cxd4 6. a3 Qc7 7. Nb3 Nxe5 8.
Nfxd4 a6 9. f4 Nc6 10. Nf3 Nf6 11. Bd3 Bd6 12. g3 Bd7 13. Bd2 O-O-O 14. c4 dxc4
15. Bxc4 Kb8 16. Rc1 e5 17. fxe5 Bxe5 18. Nxe5 Qxe5+ 19. Be2 Qxb2 20. Rb1 Qxa3
21. Ra1 Qe7 22. O-O Bc8 23. Qc2 Rxd2 24. Qxd2 Rd8 25. Qb2 Qe3+ 26. Kg2 Be6 27.
Rf3 Bd5 28. Raf1 Qe5 29. Qb1 0-1